La Atlántida cuaternaria / (Record no. 20043)

MARC details
000 -LEADER
campo de control de longitud fija 00662nam a2200181 i 4500
001 - NÚMERO DE CONTROL
campo de control 20043
003 - IDENTIFICADOR DE NÚMERO DE CONTROL
campo de control ES-MaACL
005 - FECHA Y HORA DE LA ÚLTIMA TRANSACCIÓN
campo de control 20230906152224.0
007 - CAMPO FIJO DE DESCRIPCIÓN FÍSICA--INFORMACIÓN GENERAL
campo de control de longitud fija t|
008 - DATOS DE LONGITUD FIJA--INFORMACIÓN GENERAL
campo de control de longitud fija 021121s1924 sp ||||1| spa d
100 1# - ENTRADA PRINCIPAL--NOMBRE DE PERSONA
Nombre de persona Ascanio, Nicolás de.
9 (RLIN) 23533
245 13 - MENCIÓN DEL TÍTULO
Título La Atlántida cuaternaria /
Mención de responsabilidad, etc. Nicolás de Ascanio.
260 ## - PUBLICACIÓN, DISTRIBUCIÓN, ETC.
Lugar de publicación, distribución, etc. Orotava :
Nombre del editor, distribuidor, etc. [s.n.],
Fecha de publicación, distribución, etc. 1924 (
Fabricante Imp. Orotava)
300 ## - DESCRIPCIÓN FÍSICA
Extensión 30 p. :
Otras características físicas il. ;
Dimensiones 31 cm.
500 ## - NOTA GENERAL
Nota general En la cubierta: La Atlántida Cuaternaria y la conferencia que pronunció MR. Pierre Termier, sobre la Atlántida, en el Instituto Oceanográfico de París en 1912.
700 1# - ENTRADA AGREGADA--NOMBRE PERSONAL
Nombre de persona Termier, Pierre.
9 (RLIN) 109755
852 ## - LOCALIZACIÓN
Ubicación ES-MaACL
Número de control de estantería 1703-F-11
Holdings
Estatus retirado Estado de pérdida Estado de daño No para préstamo Colección Biblioteca de origen Biblioteca actual Ubicación en estantería Fecha de adquisición Fuente de adquisición Total de préstamos Signatura topográfica completa Código de barras Visto por última vez Precio de reemplazo Tipo de ítem Koha
        Colección de folletos Biblioteca del Ateneo de Madrid Biblioteca del Ateneo de Madrid Depósito folletos 17/01/2008     1703-F-11 1020539 23/02/2023 23/02/2023 Folleto